| 000 | 00347nam a2200133Ia 4500 | ||
|---|---|---|---|
| 008 | 240624s9999 xx 000 0 und d | ||
| 041 | _aeng | ||
| 082 | _a808.882 BRA | ||
| 100 | _aBRAUDE JACOB M | ||
| 245 | _aQUIPS QUOTES AND ANECDOTES | ||
| 260 |
_c2003 _aNew Delhi _bJaico Publishing House |
||
| 300 | _axiii, : 426 : p. : cm. ; 17 | ||
| 365 | _cRS | ||
| 999 |
_c3737 _d3737 |
||